A view of London (Запис номер 407544)
[ съкратено ]
| 000 -Лидер | |
|---|---|
| Контролно поле с фиксирана дължина | nam a22 a 4500 |
| 003 - Код на организацията, давaща контролен номер | |
| Контролно поле | BLK |
| 005 - Дата и час на последна редакция | |
| Контролно поле | 20210413102827.0 |
| 008 - Елементи от данни с фиксирана дължина | |
| fixed length control field | 200315b bul|||||r ||||||| ||bul|| |
| 040 ## - Източник на каталожния запис | |
| Идентификатор на билиотеката - собственик на записа | BLK |
| 041 ## - Код за език | |
| Код за езика на текст/звукозапис или на отделно заглавие | Английски |
| Код за езика КДБФ | Английски |
| 080 ## - УДК | |
| Текстов определител УДК | Английски език |
| УДК код - определител по УДК | 811.111 |
| УДК определител | (072) |
| УДК - код + определител | 811.111(072) |
| 100 ## - Редна дума - Автор | |
| R(LIN) | 447697 |
| Автор | Bowen, K. |
| Авторска отговорност | първи автор |
| 139 ## - Редно поле | |
| Редна дума | Bowen, K. et all |
| 245 10 - Сведения за заглавието | |
| Заглавие | A view of London |
| Редно поле (дума) | K Bowen; съавт. C M Schnell; худож. Holzel |
| Подзаглавни данни | Lessons in English conversation after Holzel's picture "London" |
| 257 ## - Страна на издаване | |
| Страна на създаване/издаване | Германия |
| 260 ## - Област на издателските данни | |
| Място на издаване, разпространение и проч. | Giessen |
| Име на издателя, разпространителя и проч. | Verl. von Emil Roth |
| Година на издаване | 1899 |
| 9 (RLIN) | 447690 |
| Издателство - префикс ISBN | 954-442- |
| 300 ## - Физическа характеристика | |
| Размери/Мащаб | 22 sm |
| Страници | 44 p. |
| Илюстрации и др. | ill. |
| Съпровождащи материали | 1 л. картина |
| 380 ## - Жанр | |
| Жанр | Езикознание. Филология |
| 490 ## - СЕРИИ (Колекции) | |
| 9 (RLIN) | 435080 |
| Име на серия | Колекция Редки и ценни издания |
| 490 ## - СЕРИИ (Колекции) | |
| 9 (RLIN) | 447702 |
| Име на серия | Konversationsunterricht im Englischen |
| №: серия | № 4 |
| 505 ## - Форматирана забележка | |
| Подзаглавни данни | С автограф : Илья Ал Ив. Квартиринков Габрово 1904 г |
| 650 #7 - Допълнително описание по предмет – тема | |
| 9 (RLIN) | 146982 |
| Основно описание – тема или топоним | Английски език - лексика |
| 653 #7 - Ключова дума – ненормативна | |
| 9 (RLIN) | 194324 |
| Ключова дума | правоговор |
| 653 #7 - Ключова дума – ненормативна | |
| 9 (RLIN) | 199037 |
| Ключова дума | упражнения |
| 700 ## - Други автори (авторска отговорност) | |
| 9 (RLIN) | 447700 |
| Лично име | Schnell, C. M. |
| Автороска отговорност (Описва отношението между автора и произведението) | съавт. |
| 700 ## - Други автори (авторска отговорност) | |
| 9 (RLIN) | 1637 |
| Лично име | Holzel |
| Автороска отговорност (Описва отношението между автора и произведението) | худож. |
| 852 ## - Местоположение | |
| Форматна сигнатура | Ра 899 |
| Фондова буква | Редки и ценни |
| 999 ## - СИСТЕМНИ КОНТРОЛНИ НОМЕРА | |
| Koha biblionumber | 407544 |
| Koha biblioitemnumber | 407544 |
| 942 ## - АРТИКУЛИ | |
| Вид на библиотечния материал | Книги |
| Скрит в OPAC | Не |
| Периодичен библиозапис | Да |
| 944 ## - СЪЗДАВАНЕ И РЕДАКЦИЯ на ЗАПИСА | |
| Създаване/Редакция | Създаване |
| Дата на регистрацията/редакция | 2021-04-12 |
| Служител, извършил регистрацията/редакцията | СТ |
| 999 ## - СИСТЕМНИ КОНТРОЛНИ НОМЕРА | |
| Koha biblioitemnumber | 407544 |
| 999 ## - СИСТЕМНИ КОНТРОЛНИ НОМЕРА | |
| Koha biblioitemnumber | 407534 |
| 999 ## - СИСТЕМНИ КОНТРОЛНИ НОМЕРА | |
| Koha biblioitemnumber | 407534 |
| 999 ## - СИСТЕМНИ КОНТРОЛНИ НОМЕРА | |
| Koha biblioitemnumber | 407526 |
| Код за отписване | Код за изгубен артикул | Източник на класификационната схема | Код за повреда | Коз за рестрикции | Код за отдаване | Артикулен № | Име на библиотеката - собственик | Име на библиотеката, в която се намира в момента | Статус (Текущо местоположение) | Дата на вписване в системата | Местоположение - отдел | Цена в лева | Инвентарен номер | Систематично азбучна сигнатура | Баркод | Цена в евро | Служебен тип на артикула |
|---|---|---|---|---|---|---|---|---|---|---|---|---|---|---|---|---|---|
| Не е изгубен | Universal Decimal Classification | Не е повреден | само за читалня | Специални фондове ( старопечатни, редки и ценни, фонд М. Арнаудов) | 854321 | Регионална библиотека "Любен Каравелов" Русе | Регионална библиотека "Любен Каравелов" Русе | Редки и ценни | 2021-09-23 | Редки и ценни | 0.08 | 15082 | Ра 899 | 900000052154 | 0.04 | Книги |